000 00236nam a2200097Ia 4500
008 190216s9999||||xx |||||||||||||| ||und||
100 _aMuttathu Varkey
245 0 _aVazhithetti Vanna Malaka
260 _bNbs Kottayam
942 _cBK
999 _c30390
_d30390